[Event "Catalunya-ch U16"]
[Site "Girona"]
[Date "2017.01.21"]
[Round "3.5"]
[White "Pinto Galan, Pau"]
[Black "Fernandez Alsina, David"]
[Result "0-1"]
[WhiteElo "1632"]
[BlackElo "1877"]
[PlyCount "59"]
[EventDate "2017.01.14"]
[EventType "swiss"]
[EventRounds "6"]
[EventCountry "ESP"]
[SourceTitle "EXT 2024"]
[Source "ChessBase"]
[SourceDate "2023.10.10"]
[SourceVersion "1"]
[SourceVersionDate "2023.10.10"]
[SourceQuality "1"]

1. e4 c5 2. Nf3 e6 3. Nc3 d6 4. Bc4 Be7 5. d3 Nf6 6. Bg5 a6 7. d4 cxd4 8. Qxd4 Nc6 9. Qd1 b5 10. Be2 Bb7 11. Bd3 Rc8 12. 0-0 0-0 13. Qe2 Nd7 14. Bf4 Nc5 15. Rad1 Qa5 16. Bd2 b4 17. Nb1 Nxd3 18. cxd3 Qxa2 19. Be3 d5 20. Ng5 Bf6 21. Rd2 Ne5 22. f3 Ng6 23. f4 h6 24. e5 Be7 25. Nh3 Rc7 26. Bd4 Bc5 27. Qf2 Rfc8 28. Bxc5 Rxc5 29. f5 exf5 30. Qxf5 0-1